000
00291nam a2200121Ia 4500
008
221030s9999 xx 000 0 und d
041
_a
English
100
_a
S. Y. Liao
245
0
_a
Microwave Devices & Circuits ( DEPARTMENTAL )
_c
by S. Y. Liao
260
_c
0
650
_a
B
942
_c
BK
999
_c
16347
_d
16347